000 00602nam a2200229Ia 4500
003 OSt
005 20221007072208.0
006 a|||||r|||| 00| 0
007 ta
008 221006b |||||||| |||| 00| 0 eng d
024 _a14,315
037 _cTextual
040 _aFLL
_cFLL
_beng
041 _2eng
_aeng
082 _aW691, M0
100 _aBrewer A. Au.
_9690216
245 0 _aMarxist theories of imperialism
260 _aLondon
_bRoutledge and kegan paul London
_c1980
300 _a308p
_ccm.
942 _hW691, M0
_cTEXL
_2CC
999 _c1145398
_d1145398